| 000 | 00999cab a22002175a 4500 | ||
|---|---|---|---|
| 001 | L144950 | ||
| 008 | 080826s2008 xxkdo f 000 0 eng d | ||
| 035 | _a(Sirsi) u144950 | ||
| 041 | 0 | _aeng | |
| 100 | 1 | _aEjohwomu, Obuks A. | |
| 245 | 0 | 4 | _aThe impact of multiskilling on UK's construction manpower |
| 260 | _c2008 | ||
| 490 |
_aProceedings of the Institution of Civil Engineers _bManagement, Procurement and Law _v161(MPL) February 2008, 25-30(6) |
||
| 520 | _aShows that the UK suffers from a shortage of skilled manpower on the construction and building services market. To remedy the situation, construction workers develop skills needed over several trades. Presents and analyses data. Concludes that developing several skills is beneficial to the UK as long as the appropriate combination of skills is used. | ||
| 590 | _aKA | ||
| 651 | 4 |
_aUnited Kingdom _y |
|
| 690 | _aBUILT ENVIRONMENT-BUILDING TRADES | ||
| 700 | 1 | _aProverbs, David G. | |
| 700 | 1 | _aOlomolaiye, Paul | |
| 942 | _n0 | ||
| 999 |
_c80661 _d80661 |
||